<?xml version="1.0" encoding="UTF-8"?>
<collection xmlns="http://www.loc.gov/MARC21/slim">
    <record>
        <controlfield tag="001">105489</controlfield>
        <controlfield tag="005">20210615090429.0</controlfield>
        <datafield tag="037" ind1=" " ind2=" ">
            <subfield code="a">GDOC-2020-63023</subfield>
        </datafield>
        <datafield tag="041" ind1=" " ind2=" ">
            <subfield code="a">spa</subfield>
        </datafield>
        <datafield tag="041" ind1=" " ind2=" ">
            <subfield code="a">eng</subfield>
        </datafield>
        <datafield tag="100" ind1=" " ind2=" ">
            <subfield code="1">647018</subfield>
            <subfield code="a">Inés Abad, Chamorro</subfield>
        </datafield>
        <datafield tag="245" ind1="0" ind2="0">
            <subfield code="9">63023</subfield>
            <subfield code="a">Trabajo fin de Máster</subfield>
        </datafield>
        <datafield tag="242" ind1="0" ind2="0">
            <subfield code="9">63023</subfield>
            <subfield code="a">Master's Dissertation</subfield>
        </datafield>
        <datafield tag="260" ind1=" " ind2=" ">
            <subfield code="a">Zaragoza</subfield>
            <subfield code="b">Universidad de Zaragoza</subfield>
            <subfield code="c">2020-2021</subfield>
        </datafield>
        <datafield tag="521" ind1=" " ind2=" ">
            <subfield code="9">702</subfield>
            <subfield code="a">Máster Universitario en Calidad, Seguridad y Tecnología de los Alimentos</subfield>
            <subfield code="b">Master's in Food Quality, Safety and Technology</subfield>
        </datafield>
        <datafield tag="540" ind1=" " ind2=" ">
            <subfield code="a">by-nc-sa</subfield>
            <subfield code="b">Creative Commons</subfield>
            <subfield code="c">3.0</subfield>
            <subfield code="u">http://creativecommons.org/licenses/by-nc-sa/3.0/</subfield>
        </datafield>
        <datafield tag="700" ind1=" " ind2=" ">
            <subfield code="0">(orcid)0000-0003-2430-858X</subfield>
            <subfield code="1">324301</subfield>
            <subfield code="a">Ignacio Álvarez, Lanzarote</subfield>
        </datafield>
        <datafield tag="700" ind1=" " ind2=" ">
            <subfield code="0">(orcid)0000-0001-6325-7100</subfield>
            <subfield code="1">121986</subfield>
            <subfield code="a">Agustín Alejandro Ariño, Moneva</subfield>
        </datafield>
        <datafield tag="700" ind1=" " ind2=" ">
            <subfield code="1">705399</subfield>
            <subfield code="a">Leire Astráin, Redín</subfield>
        </datafield>
        <datafield tag="700" ind1=" " ind2=" ">
            <subfield code="0">(orcid)0000-0002-1668-4940</subfield>
            <subfield code="1">330474</subfield>
            <subfield code="a">Susana Bayarri, Fernández</subfield>
        </datafield>
        <datafield tag="700" ind1=" " ind2=" ">
            <subfield code="0">(orcid)0000-0002-3764-0189</subfield>
            <subfield code="1">114941</subfield>
            <subfield code="a">José Antonio Beltrán, Gracia</subfield>
        </datafield>
        <datafield tag="700" ind1=" " ind2=" ">
            <subfield code="0">(orcid)0000-0001-6739-5375</subfield>
            <subfield code="1">110411</subfield>
            <subfield code="a">Domingo Blanco, Parmo</subfield>
        </datafield>
        <datafield tag="700" ind1=" " ind2=" ">
            <subfield code="0">(orcid)0000-0002-5904-8506</subfield>
            <subfield code="1">522555</subfield>
            <subfield code="a">Mónica Bueno, Fernández</subfield>
        </datafield>
        <datafield tag="700" ind1=" " ind2=" ">
            <subfield code="0">(orcid)0000-0001-9660-8579</subfield>
            <subfield code="1">631634</subfield>
            <subfield code="a">Juan Benito Calanche, Morales</subfield>
        </datafield>
        <datafield tag="700" ind1=" " ind2=" ">
            <subfield code="0">(orcid)0000-0002-5049-3646</subfield>
            <subfield code="1">457482</subfield>
            <subfield code="a">Guillermo Cebrián, Auré</subfield>
        </datafield>
        <datafield tag="700" ind1=" " ind2=" ">
            <subfield code="0">(orcid)0000-0001-7719-6388</subfield>
            <subfield code="1">699741</subfield>
            <subfield code="a">Alba Civera, Casedas</subfield>
        </datafield>
        <datafield tag="700" ind1=" " ind2=" ">
            <subfield code="0">(orcid)0000-0002-3771-0749</subfield>
            <subfield code="1">126065</subfield>
            <subfield code="a">María del Pilar Conchello, Moreno</subfield>
        </datafield>
        <datafield tag="700" ind1=" " ind2=" ">
            <subfield code="0">(orcid)0000-0003-4744-8649</subfield>
            <subfield code="1">683890</subfield>
            <subfield code="a">Carlota Delso, Muniesa</subfield>
        </datafield>
        <datafield tag="700" ind1=" " ind2=" ">
            <subfield code="0">(orcid)0000-0002-4353-2483</subfield>
            <subfield code="1">134238</subfield>
            <subfield code="a">Vicente Ferreira, González</subfield>
        </datafield>
        <datafield tag="700" ind1=" " ind2=" ">
            <subfield code="0">(orcid)0000-0001-5765-2972</subfield>
            <subfield code="1">326580</subfield>
            <subfield code="a">Ana María Ferrer, Mairal</subfield>
        </datafield>
        <datafield tag="700" ind1=" " ind2=" ">
            <subfield code="0">(orcid)0000-0001-7195-3640</subfield>
            <subfield code="1">385505</subfield>
            <subfield code="a">Antonio Herrera, Marteache</subfield>
        </datafield>
        <datafield tag="700" ind1=" " ind2=" ">
            <subfield code="0">(orcid)0000-0002-2469-0363</subfield>
            <subfield code="1">520447</subfield>
            <subfield code="a">Marta Herrera, Sánchez</subfield>
        </datafield>
        <datafield tag="700" ind1=" " ind2=" ">
            <subfield code="0">(orcid)0000-0002-6460-1388</subfield>
            <subfield code="1">136797</subfield>
            <subfield code="a">Regina María Lázaro, Gistau</subfield>
        </datafield>
        <datafield tag="700" ind1=" " ind2=" ">
            <subfield code="0">(orcid)0000-0002-0238-6328</subfield>
            <subfield code="1">333754</subfield>
            <subfield code="a">Rafael Pagán, Tomás</subfield>
        </datafield>
        <datafield tag="700" ind1=" " ind2=" ">
            <subfield code="0">(orcid)0000-0003-3752-4660</subfield>
            <subfield code="1">690551</subfield>
            <subfield code="a">Elisa Pagán, Albertos</subfield>
        </datafield>
        <datafield tag="700" ind1=" " ind2=" ">
            <subfield code="0">(orcid)0000-0003-2555-8425</subfield>
            <subfield code="1">118179</subfield>
            <subfield code="a">María Dolores Pérez, Cabrejas</subfield>
        </datafield>
        <datafield tag="700" ind1=" " ind2=" ">
            <subfield code="0">(orcid)0000-0003-3957-9091</subfield>
            <subfield code="1">128933</subfield>
            <subfield code="a">Javier Raso, Pueyo</subfield>
        </datafield>
        <datafield tag="700" ind1=" " ind2=" ">
            <subfield code="0">(orcid)0000-0001-6375-9784</subfield>
            <subfield code="1">121538</subfield>
            <subfield code="a">María del Carmen Rota, García</subfield>
        </datafield>
        <datafield tag="700" ind1=" " ind2=" ">
            <subfield code="0">(orcid)0000-0002-5086-7839</subfield>
            <subfield code="1">143962</subfield>
            <subfield code="a">Ana Cristina Sánchez, Gimeno</subfield>
        </datafield>
        <datafield tag="700" ind1=" " ind2=" ">
            <subfield code="0">(orcid)0000-0001-5964-823X</subfield>
            <subfield code="1">115614</subfield>
            <subfield code="a">María Lourdes Sánchez, Paniagua</subfield>
        </datafield>
        <datafield tag="700" ind1=" " ind2=" ">
            <subfield code="0">(orcid)0000-0001-6316-385X</subfield>
            <subfield code="1">303225</subfield>
            <subfield code="a">María Eugenia Venturini, Crespo</subfield>
        </datafield>
        <datafield tag="830" ind1=" " ind2=" ">
            <subfield code="9">566</subfield>
        </datafield>
        <datafield tag="856" ind1="4" ind2=" ">
            <subfield code="s">12728</subfield>
            <subfield code="u">http://zaguan.unizar.es/record/105489/files/guia-63023-en.pdf</subfield>
            <subfield code="y">Guide (english)</subfield>
        </datafield>
        <datafield tag="856" ind1="4" ind2=" ">
            <subfield code="s">19843</subfield>
            <subfield code="u">http://zaguan.unizar.es/record/105489/files/guia-63023-es.pdf</subfield>
            <subfield code="y">Guía (idioma español)</subfield>
        </datafield>
        <datafield tag="970" ind1=" " ind2=" ">
            <subfield code="a">GDOC-2020-63023</subfield>
        </datafield>
        <datafield tag="980" ind1=" " ind2=" ">
            <subfield code="a">GDOC</subfield>
            <subfield code="b">Sciences</subfield>
            <subfield code="b">Ciencias</subfield>
            <subfield code="c">105</subfield>
        </datafield>
    </record>

    
</collection>